000 00853cab a2200301 4500
001 ABS59024
008 090401t1998 xxu||||| |||| 00| 0 eng d
035 _a(Sirsi) u87466
041 _aeng
100 _aIves, P.
245 _aIs Capital gold turning to silver?
260 _c1998
350 _a0
490 _aProperty Forecast
_v1(4) July 1998, 6-7(2)
520 _aReviews the central London office market, looking at take-up, supply, planning permissions and demand.
650 _aCENTRAL LONDON
650 _aCITY
650 _aDEMAND
650 _aOFFICE SECTOR
650 _aPLANNING PERMISSIONS
650 _aSPECULATIVE DEVELOPMENT
650 _aSUPPLY
650 _aTAKE-UP
650 _aWEST END OF LONDON
690 _aPROPERTY-COMMERCIAL PROPERTY-COMMERCIAL PROPERTY MARKET
942 _n0
948 _c17/07/1998
999 _c55164
_d55164